Konstitucio de Čehoslovaka respubliko.

Uložené v:
Podrobná bibliografia
Médium: Kniha
Vydané: Praha : Orbis, 1948.
ISBN: (brož.)
Fyzický popis: 70 s.
Tagy: Pridať tag
Žiadne tagy, Buďte prvý kto otaguje tento záznam!

MARC

LEADER 00000nam a22000004a 4500
001 000463545
005 20150411095817.0
008 150411s1948 xr e 000 0 esp d
020 |a (brož.) 
040 |a SVKKK  |b slo  |c SVKKK  |e AACR2 
041 0 |a esp 
044 |a xr  |c CZ 
245 0 0 |a Konstitucio de Čehoslovaka respubliko. 
260 |a Praha :  |b Orbis,  |c 1948. 
300 |a 70 s. 
910 |a svkkk 
998 |a BK 
090 |g SCKHL  |k Sklad Pribinova prízemie  |a I.1295  |j 25859  |i 2720391605  |s Prezenčne 
090 |g SCKHL  |k Sklad Pribinova prízemie  |a I.5422  |j 91901  |i 2720383355  |s Prezenčne